Councils must protect local shops (Record no. 68574)

MARC details
000 -LEADER
fixed length control field 00954cam a2200217 4500
001 - CONTROL NUMBER
control field WB3739-29
008 - FIXED-LENGTH DATA ELEMENTS--GENERAL INFORMATION
fixed length control field 011016n2001 000 0 eng u
035 ## - SYSTEM CONTROL NUMBER
System control number (Sirsi) u115138
245 ## - TITLE STATEMENT
Title Councils must protect local shops
260 ## - PUBLICATION, DISTRIBUTION, ETC.
Date of publication, distribution, etc. 2001
490 ## - SERIES STATEMENT
Series statement Urban Environment Today
Volume/sequential designation 11 October 2001, 1(1)
520 ## - SUMMARY, ETC.
Summary, etc. Retail schemes in urban regeneration initiatives should consider local shops and local needs. A report by the Joseph Rowntree Foundation has found that many schemes seem to be aimed at the car-borne shopper rather than local residents and tend to push out existing businesses. "Retailing, sustainability and neighbourhood regeneration" is available from York Publishing Services, price £14.95; tel: 01904 430033.
590 ## - LOCAL NOTE (RLIN)
Local note WB
650 ## - SUBJECT ADDED ENTRY--TOPICAL TERM
Topical term or geographic name entry element URBAN REGENERATION
650 ## - SUBJECT ADDED ENTRY--TOPICAL TERM
Topical term or geographic name entry element LOCAL BUSINESSES
650 ## - SUBJECT ADDED ENTRY--TOPICAL TERM
Topical term or geographic name entry element LOCAL COMMUNITIES
650 ## - SUBJECT ADDED ENTRY--TOPICAL TERM
Topical term or geographic name entry element RETAIL SCHEMES
650 ## - SUBJECT ADDED ENTRY--TOPICAL TERM
Topical term or geographic name entry element LOCAL SHOPS
690 ## - LOCAL SUBJECT ADDED ENTRY--TOPICAL TERM (OCLC, RLIN)
Topical term or geographic name as entry element REGENERATION
942 ## - ADDED ENTRY ELEMENTS (KOHA)
Suppress in OPAC 0
Holdings
Withdrawn status Lost status Source of classification or shelving scheme Damaged status Not for loan Home library Current library Shelving location Date acquired Total Checkouts Full call number Barcode Date last seen Copy number Price effective from Koha item type
    Dewey Decimal Classification     London London News article 16/10/2001   WB3739-29 115138-1001 06/08/2019 1 06/08/2019 News article